000 00711nam a2200289Ia 4500
005 20260324132725.0
008 008 260324s9999 xx 000 0 eng d
020 _a9780429215476
037 _aEBOOK
040 _aCRL
040 _beng
040 _cCRL
041 _2eng
041 _aeng
084 _qCRL
100 _aGeorge E. Totten; Hong Liang
_91190379
245 0 _aSurface Modification and Mechanisms
245 0 _bFriction, Stress, and Reaction Engineering
260 _bTaylor and Francis
260 _c2004
365 _a
365 _b760
856 _uhttp://www.taylorfrancis.com/books/9780429215476
942 _cEBOOK
999 _c1788726
_d1788726